000
00357nam a2200157Ia 4500
003
OSt
005
20231123075052.0
008
170524s9999 xx 000 0 und d
020
_a
81-7488-688-5
040
_c
IIMT
100
_a
Yadav-Seema
245
0
_a
Textbook of Textile and Laundry
260
_b
Anmol publication
260
_c
1997
942
_2
ddc
_c
02
999
_c
7357
_d
7357